Statistics for All Birds of the Contiguous United States (Easy)

Click here to take the quiz!

General Stats

  • This quiz has been taken 176 times
  • The average score is 304 of 633

Answer Stats

GroupAnatidae% Correct
AccipitridaeBald Eagle
95%
AccipitridaeBroad-winged Hawk
95%
AccipitridaeRed-shouldered Hawk
95%
AccipitridaeRed-tailed Hawk
95%
AnatidaeRuddy Duck
95%
AnatidaeWood Duck
95%
AnatidaeAmerican Black Duck
94%
AccipitridaeCommon Black Hawk
94%
AccipitridaeCooper's Hawk
94%
AccipitridaeFerruginous Hawk
94%
AccipitridaeGolden Eagle
94%
AccipitridaeGray Hawk
94%
AccipitridaeHarris's Hawk
94%
AnatidaeLong-tailed Duck
94%
AnatidaeMottled Duck
94%
AnatidaeMuscovy Duck
94%
AccipitridaeRough-legged Hawk
94%
AccipitridaeSharp-shinned Hawk
94%
AccipitridaeShort-tailed Hawk
94%
AccipitridaeSwainson's Hawk
94%
AccipitridaeWhite-tailed Hawk
94%
AccipitridaeZone-tailed Hawk
94%
CorvidaeAmerican Crow
93%
CorvidaeFish Crow
93%
AnatidaeHarlequin Duck
93%
AnatidaeRing-necked Duck
93%
AnatidaeCanada Goose
92%
AnatidaeSnow Goose
92%
FalconidaeAplomado Falcon
91%
AnatidaeCackling Goose
91%
AnatidaeEmperor Goose
91%
AnatidaeGreater White-fronted Goose
91%
CardinalidaeNorthern Cardinal
91%
FalconidaePeregrine Falcon
91%
FalconidaePrairie Falcon
91%
AnatidaeRoss's Goose
91%
PasserellidaeAmerican Tree Sparrow
87%
PasserellidaeBlack-throated Sparrow
87%
PasserellidaeChipping Sparrow
87%
PasserellidaeFox Sparrow
87%
PasserellidaeHarris's Sparrow
87%
PasseridaeHouse Sparrow
87%
PasserellidaeSong Sparrow
87%
PasserellidaeSwamp Sparrow
87%
PasserellidaeWhite-crowned Sparrow
87%
PasserellidaeWhite-throated Sparrow
87%
PasserellidaeBachman’s Sparrow
86%
PasserellidaeBaird's Sparrow
86%
PasserellidaeBell’s Sparrow
86%
PasserellidaeBlack-chinned Sparrow
86%
PasserellidaeBotteri’s Sparrow
86%
PasserellidaeBrewer’s Sparrow
86%
PasserellidaeCassin's Sparrow
86%
PasserellidaeClay-colored Sparrow
86%
PasseridaeEurasian Tree Sparrow
86%
PasserellidaeField Sparrow
86%
PasserellidaeGolden-crowned Sparrow
86%
PasserellidaeGrasshopper Sparrow
86%
PasserellidaeHenslow’s Sparrow
86%
PasserellidaeLark Sparrow
86%
PasserellidaeLeConte’s Sparrow
86%
PasserellidaeLincoln’s Sparrow
86%
PasserellidaeNelson’s Sparrow
86%
PasserellidaeOlive Sparrow
86%
PasserellidaeRufous-crowned Sparrow
86%
PasserellidaeRufous-winged Sparrow
86%
PasserellidaeSagebrush Sparrow
86%
PasserellidaeSaltmarsh Sparrow
86%
PasserellidaeSavannah Sparrow
86%
PasserellidaeSeaside Sparrow
86%
PasserellidaeVesper Sparrow
86%
TytonidaeBarn Owl
85%
StrigidaeBarred Owl
85%
CorvidaeBlue Jay
85%
StrigidaeBurrowing Owl
85%
CorvidaeChihuahuan Raven
85%
CorvidaeCommon Raven
85%
StrigidaeElf Owl
85%
StrigidaeGreat Gray Owl
85%
StrigidaeGreat Horned Owl
85%
LaridaeLaughing Gull
85%
StrigidaeNorthern Hawk Owl
85%
StrigidaeNorthern Saw-whet Owl
85%
StrigidaeSnowy Owl
85%
StrigidaeSpotted Owl
85%
LaridaeBlack-headed Gull
84%
StrigidaeBoreal Owl
84%
StrigidaeFlammulated Owl
84%
LaridaeFranklin's Gull
84%
LaridaeHerring Gull
84%
StrigidaeLong-eared Owl
84%
StrigidaeShort-eared Owl
84%
LaridaeBonaparte's Gull
82%
LaridaeCalifornia Gull
82%
LaridaeGlaucous Gull
82%
LaridaeGlaucous-winged Gull
82%
LaridaeGreat Black-backed Gull
82%
LaridaeHeermann's Gull
82%
LaridaeIceland Gull
82%
LaridaeIvory Gull
82%
LaridaeLesser Black-backed Gull
82%
LaridaeLittle Gull
82%
LaridaeRing-billed Gull
82%
ColumbidaeRock Pigeon
82%
LaridaeRoss's Gull
82%
LaridaeSabine's Gull
82%
LaridaeShort-billed Gull
82%
LaridaeWestern Gull
82%
ColumbidaeBand-tailed Pigeon
81%
CathartidaeBlack Vulture
81%
CathartidaeTurkey Vulture
81%
ColumbidaeWhite-crowned Pigeon
81%
TurdidaeAmerican Robin
80%
ColumbidaeMourning Dove
80%
AnatidaeMute Swan
79%
AnatidaeTrumpeter Swan
79%
AnatidaeTundra Swan
79%
PicidaeAcorn Woodpecker
78%
PicidaeAmerican Three-toed Woodpecker
78%
PelecanidaeAmerican White Pelican
78%
PelecanidaeBrown Pelican
78%
PicidaeDowny Woodpecker
78%
PicidaeGila Woodpecker
78%
PicidaeHairy Woodpecker
78%
PicidaeLewis's Woodpecker
78%
PicidaePileated Woodpecker
78%
PicidaeRed-bellied Woodpecker
78%
PicidaeRed-headed Woodpecker
78%
PicidaeArizona Woodpecker
76%
PicidaeBlack-backed Woodpecker
76%
PicidaeGolden-fronted Woodpecker
76%
PicidaeLadder-backed Woodpecker
76%
PicidaeNuttall's Woodpecker
76%
PicidaeRed-cockaded Woodpecker
76%
PicidaeWhite-headed Woodpecker
76%
PhasianidaeWild Turkey
76%
ColumbidaeCommon Ground Dove
75%
CorvidaeGreen Jay
75%
ColumbidaeInca Dove
75%
PsittacidaeRed-crowned Parrot
75%
CorvidaeSteller's Jay
75%
ColumbidaeWhite-tipped Dove
75%
ColumbidaeWhite-winged Dove
75%
CorvidaeCanada Jay
74%
FringillidaeHouse Finch
74%
CorvidaeMexican Jay
74%
CorvidaePinyon Jay
74%
FringillidaePurple Finch
74%
TrochilidaeRuby-throated Hummingbird
74%
TrochilidaeRufous Hummingbird
74%
TrochilidaeAllen's Hummingbird
73%
TrochilidaeAnna's Hummingbird
73%
TrochilidaeBlack-chinned Hummingbird
73%
FringillidaeCassin's Finch
73%
ArdeidaeGreat Blue Heron
73%
ArdeidaeGreen Heron
73%
TrochilidaeBroad-billed Hummingbird
72%
TrochilidaeBroad-tailed Hummingbird
72%
TrochilidaeBuff-bellied Hummingbird
72%
TrochilidaeCalliope Hummingbird
72%
TrochilidaeCosta's Hummingbird
72%
ArdeidaeLittle Blue Heron
72%
TrochilidaeLucifer Hummingbird
72%
TrochilidaeRivoli's Hummingbird
72%
ArdeidaeTricolored Heron
72%
TrochilidaeViolet-crowned Hummingbird
72%
GruidaeSandhill Crane
68%
GruidaeWhooping Crane
68%
IcteridaeRed-winged Blackbird
66%
IcteridaeRusty Blackbird
66%
IcteridaeYellow-headed Blackbird
66%
HirundinidaeBank Swallow
65%
HirundinidaeBarn Swallow
65%
IcteridaeBrewer’s Blackbird
65%
HirundinidaeCave Swallow
65%
HirundinidaeCliff Swallow
65%
HirundinidaeNorthern Rough-winged Swallow
65%
HirundinidaeTree Swallow
65%
IcteridaeTricolored Blackbird
65%
HirundinidaeViolet-green Swallow
65%
CathartidaeCalifornia Condor
64%
AlcidaeAtlantic Puffin
60%
DiomedeidaeBlack-footed Albatross
59%
ArdeidaeCattle Egret
59%
ArdeidaeGreat Egret
59%
AlcidaeHorned Puffin
59%
DiomedeidaeLaysan Albatross
59%
MimidaeNorthern Mockingbird
59%
ArdeidaeReddish Egret
59%
ArdeidaeSnowy Egret
59%
AlcidaeTufted Puffin
59%
OdontophoridaeCalifornia Quail
58%
OdontophoridaeGambel's Quail
58%
PhasianidaeRing-necked Pheasant
58%
ParidaeBlack-capped Chickadee
56%
ParidaeCarolina Chickadee
56%
OdontophoridaeMontezuma Quail
56%
ParidaeMountain Chickadee
56%
OdontophoridaeMountain Quail
56%
OdontophoridaeScaled Quail
56%
ParidaeBoreal Chickadee
55%
ParidaeChestnut-backed Chickadee
55%
CiconiidaeWood Stork
55%
GaviidaeCommon Loon
54%
PhylloscopidaeArctic Warbler
53%
ParulidaeBay-breasted Warbler
53%
ParulidaeBlack-and-white Warbler
53%
ParulidaeBlackburnian Warbler
53%
ParulidaeBlackpoll Warbler
53%
ParulidaeBlack-throated Blue Warbler
53%
ParulidaeBlack-throated Gray Warbler
53%
ParulidaeBlack-throated Green Warbler
53%
ParulidaeBlue-winged Warbler
53%
TroglodytidaeCactus Wren
53%
ParulidaeCanada Warbler
53%
ParulidaeCape May Warbler
53%
TroglodytidaeCarolina Wren
53%
ParulidaeCerulean Warbler
53%
ParulidaeChestnut-sided Warbler
53%
ParulidaeConnecticut Warbler
53%
ParulidaeGolden-cheeked Warbler
53%
ParulidaeGolden-winged Warbler
53%
ParulidaeGrace’s Warbler
53%
TurdidaeHermit Thrush
53%
ParulidaeHermit Warbler
53%
ParulidaeHooded Warbler
53%
TroglodytidaeHouse Wren
53%
ParulidaeKentucky Warbler
53%
ParulidaeKirtland’s Warbler
53%
ParulidaeLucy’s Warbler
53%
ParulidaeMacGillivray’s Warbler
53%
ParulidaeMagnolia Warbler
53%
PsittacidaeMonk Parakeet
53%
ParulidaeMourning Warbler
53%
ParulidaeNashville Warbler
53%
PeucedramidaeOlive Warbler
53%
ParulidaeOrange-crowned Warbler
53%
PandionidaeOsprey
53%
GaviidaePacific Loon
53%
ParulidaePalm Warbler
53%
ParulidaePine Warbler
53%
ParulidaePrairie Warbler
53%
ParulidaeProthonotary Warbler
53%
ParulidaeRed-faced Warbler
53%
GaviidaeRed-throated Loon
53%
ParulidaeSwainson's Warbler
53%
ParulidaeTennessee Warbler
53%
ParulidaeTownsend’s Warbler
53%
TurdidaeVaried Thrush
53%
ParulidaeVirginia’s Warbler
53%
ParulidaeWilson’s Warbler
53%
TroglodytidaeWinter Wren
53%
TurdidaeWood Thrush
53%
ParulidaeWorm-eating Warbler
53%
ParulidaeYellow-rumped Warbler
53%
ParulidaeYellow-throated Warbler
53%
ParulidaeYellow Warbler
53%
LaridaeArctic Tern
52%
IcteridaeBaltimore Oriole
52%
TroglodytidaeBewick's Wren
52%
TurdidaeBicknell's Thrush
52%
CuculidaeBlack-billed Cuckoo
52%
IcteridaeBullock’s Oriole
52%
TroglodytidaeCanyon Wren
52%
LaridaeCommon Tern
52%
SturnidaeEuropean Starling
52%
TurdidaeGray-cheeked Thrush
52%
AnatidaeMallard
52%
CuculidaeMangrove Cuckoo
52%
TroglodytidaeMarsh Wren
52%
IcteridaeOrchard Oriole
52%
TroglodytidaePacific Wren
52%
TroglodytidaeRock Wren
52%
TroglodytidaeSedge Wren
52%
TurdidaeSwainson's Thrush
52%
CuculidaeYellow-billed Cuckoo
52%
IcteridaeAltamira Oriole
51%
IcteridaeAudubon’s Oriole
51%
SulidaeBlue-footed Booby
51%
LaridaeCaspian Tern
51%
CuculidaeGreater Roadrunner
51%
IcteridaeHooded Oriole
51%
LaridaeSandwich Tern
51%
IcteridaeScott’s Oriole
51%
IcteridaeSpot-breasted Oriole
51%
ScolopacidaeSpotted Sandpiper
51%
ScolopacidaeBaird's Sandpiper
49%
LaridaeBlack Tern
49%
SulidaeBrown Booby
49%
ScolopacidaeBuff-breasted Sandpiper
49%
LaridaeElegant Tern
49%
LaridaeForster's Tern
49%
LaridaeGull-billed Tern
49%
ScolopacidaeLeast Sandpiper
49%
LaridaeLeast Tern
49%
SulidaeMasked Booby
49%
ScolopacidaePectoral Sandpiper
49%
ScolopacidaePurple Sandpiper
49%
SulidaeRed-footed Booby
49%
ScolopacidaeRock Sandpiper
49%
LaridaeRoseate Tern
49%
LaridaeRoyal Tern
49%
ScolopacidaeSemipalmated Sandpiper
49%
ScolopacidaeSolitary Sandpiper
49%
ScolopacidaeStilt Sandpiper
49%
ScolopacidaeUpland Sandpiper
49%
ScolopacidaeWestern Sandpiper
49%
ScolopacidaeWhite-rumped Sandpiper
49%
CorvidaeBlack-billed Magpie
47%
PhasianidaeDusky Grouse
47%
TurdidaeEastern Bluebird
47%
TurdidaeMountain Bluebird
47%
PhasianidaeRuffed Grouse
47%
PhasianidaeSooty Grouse
47%
PhasianidaeSpruce Grouse
47%
CorvidaeYellow-billed Magpie
47%
PhalacrocoracidaeBrandt's Cormorant
46%
PhalacrocoracidaeDouble-crested Cormorant
46%
PhalacrocoracidaeGreat Cormorant
46%
PhalacrocoracidaeNeotropic Cormorant
46%
PhalacrocoracidaePelagic Cormorant
46%
PhalacrocoracidaeRed-faced Cormorant
46%
PhasianidaeSharp-tailed Grouse
46%
TurdidaeWestern Bluebird
46%
AlcedinidaeBelted Kingfisher
45%
AlcedinidaeGreen Kingfisher
45%
AlcedinidaeRinged Kingfisher
45%
RallidaeBlack Rail
44%
ApodidaeBlack Swift
44%
ApodidaeChimney Swift
44%
RallidaeClapper Rail
44%
ThreskiornithidaeGlossy Ibis
44%
RallidaeKing Rail
44%
ApodidaeVaux's Swift
44%
RallidaeVirginia Rail
44%
ThreskiornithidaeWhite-faced Ibis
44%
ThreskiornithidaeWhite Ibis
44%
ApodidaeWhite-throated Swift
44%
TyrannidaeAcadian Flycatcher
42%
TyrannidaeAlder Flycatcher
42%
TyrannidaeAsh-throated Flycatcher
42%
TyrannidaeBrown-crested Flycatcher
42%
TyrannidaeBuff-breasted Flycatcher
42%
TyrannidaeCordilleran Flycatcher
42%
TyrannidaeDusky-capped Flycatcher
42%
TyrannidaeDusky Flycatcher
42%
TyrannidaeGray Flycatcher
42%
TyrannidaeGreat Crested Flycatcher
42%
TyrannidaeHammond's Flycatcher
42%
AlaudidaeHorned Lark
42%
TyrannidaeLeast Flycatcher
42%
TyrannidaeOlive-sided Flycatcher
42%
TyrannidaePacific-slope Flycatcher
42%
RallidaeRidgway's Rail
42%
TyrannidaeScissor-tailed Flycatcher
42%
TyrannidaeVermilion Flycatcher
42%
TyrannidaeWillow Flycatcher
42%
TyrannidaeYellow-bellied Flycatcher
42%
RallidaeYellow Rail
42%
CharadriidaePiping Plover
41%
RallidaeAmerican Coot
40%
CharadriidaeBlack-bellied Plover
40%
CharadriidaeMountain Plover
40%
CharadriidaeSemipalmated Plover
40%
CharadriidaeSnowy Plover
40%
CharadriidaeWilson's Plover
40%
FringillidaeAmerican Goldfinch
39%
FalconidaeAmerican Kestrel
39%
VireonidaeBell's Vireo
39%
VireonidaeBlack-capped Vireo
39%
VireonidaeBlack-whiskered Vireo
39%
VireonidaeBlue-headed Vireo
39%
SittidaeBrown-headed Nuthatch
39%
VireonidaeCassin's Vireo
39%
PodicipedidaeClark's Grebe
39%
PodicipedidaeEared Grebe
39%
VireonidaeGray Vireo
39%
PodicipedidaeHorned Grebe
39%
VireonidaeHutton's Vireo
39%
CardinalidaeIndigo Bunting
39%
PasserellidaeLark Bunting
39%
CardinalidaeLazuli Bunting
39%
PodicipedidaeLeast Grebe
39%
CardinalidaePainted Bunting
39%
VireonidaePhiladelphia Vireo
39%
PodicipedidaePied-billed Grebe
39%
VireonidaePlumbeous Vireo
39%
SittidaePygmy Nuthatch
39%
SittidaeRed-breasted Nuthatch
39%
VireonidaeRed-eyed Vireo
39%
PodicipedidaeRed-necked Grebe
39%
CardinalidaeVaried Bunting
39%
VireonidaeWarbling Vireo
39%
PodicipedidaeWestern Grebe
39%
SittidaeWhite-breasted Nuthatch
39%
VireonidaeWhite-eyed Vireo
39%
VireonidaeYellow-throated Vireo
39%
AccipitridaeHook-billed Kite
38%
FringillidaeLawrence’s Goldfinch
38%
FringillidaeLesser Goldfinch
38%
FregatidaeMagnificent Frigatebird
38%
AccipitridaeMississippi Kite
38%
AccipitridaeSnail Kite
38%
CalcariidaeSnow Bunting
38%
AccipitridaeSwallow-tailed Kite
38%
AccipitridaeWhite-tailed Kite
38%
ParidaeBlack-crested Titmouse
36%
ParidaeBridled Titmouse
36%
ParidaeJuniper Titmouse
36%
ParidaeOak Titmouse
36%
ParidaeTufted Titmouse
36%
AnhingidaeAnhinga
34%
IcteridaeBoat-tailed Grackle
34%
IcteridaeCommon Grackle
34%
IcteridaeGreat-tailed Grackle
34%
BombycillidaeBohemian Waxwing
33%
MimidaeBrown Thrasher
33%
BombycillidaeCedar Waxwing
33%
IcteridaeEastern Meadowlark
32%
CardinalidaeScarlet Tanager
32%
CardinalidaeSummer Tanager
32%
IcteridaeWestern Meadowlark
32%
MimidaeBendire's Thrasher
31%
MimidaeCalifornia Thrasher
31%
MimidaeCrissal Thrasher
31%
MimidaeCurve-billed Thrasher
31%
CardinalidaeHepatic Tanager
31%
MimidaeLeConte's Thrasher
31%
LaniidaeLoggerhead Shrike
31%
MimidaeLong-billed Thrasher
31%
LaniidaeNorthern Shrike
31%
MimidaeSage Thrasher
31%
CardinalidaeWestern Tanager
31%
HaematopodidaeAmerican Oystercatcher
29%
CardinalidaeBlack-headed Grosbeak
29%
CardinalidaeBlue Grosbeak
29%
IcteridaeBronzed Cowbird
29%
IcteridaeBrown-headed Cowbird
29%
CaprimulgidaeCommon Nighthawk
29%
FringillidaeEvening Grosbeak
29%
CaprimulgidaeLesser Nighthawk
29%
FalconidaeMerlin
29%
AccipitridaeNorthern Harrier
29%
PhasianidaeRock Ptarmigan
29%
ThreskiornithidaeRoseate Spoonbill
29%
CardinalidaeRose-breasted Grosbeak
29%
IcteridaeShiny Cowbird
29%
PhasianidaeWillow Ptarmigan
29%
PicidaeYellow-bellied Sapsucker
29%
HaematopodidaeBlack Oystercatcher
28%
AnatidaeBlue-winged Teal
28%
AnatidaeCinnamon Teal
28%
AnatidaeGreen-winged Teal
28%
FringillidaePine Grosbeak
28%
PicidaeRed-breasted Sapsucker
28%
PicidaeRed-naped Sapsucker
28%
PhasianidaeWhite-tailed Ptarmigan
28%
PicidaeWilliamson's Sapsucker
28%
RecurvirostridaeAmerican Avocet
27%
ArdeidaeAmerican Bittern
27%
AlcidaeCassin's Auklet
27%
TyrannidaeCassin's Kingbird
27%
TyrannidaeCouch's Kingbird
27%
TyrannidaeEastern Kingbird
27%
MimidaeGray Catbird
27%
TyrannidaeGray Kingbird
27%
PhasianidaeGray Partridge
27%
FalconidaeGyrfalcon
27%
ArdeidaeLeast Bittern
27%
AlcidaeParakeet Auklet
27%
AlcidaeRhinoceros Auklet
27%
TyrannidaeTropical Kingbird
27%
TyrannidaeWestern Kingbird
27%
CaprimulgidaeEastern Whip-poor-will
26%
AnatidaeHooded Merganser
26%
SulidaeNorthern Gannet
26%
AccipitridaeNorthern Goshawk
26%
AnatidaeNorthern Shoveler
26%
RallidaeCommon Gallinule
25%
AnatidaeCommon Merganser
25%
TrogonidaeElegant Trogon
25%
PicidaeGilded Flicker
25%
RegulidaeGolden-crowned Kinglet
25%
PicidaeNorthern Flicker
25%
AnatidaeNorthern Pintail
25%
RallidaePurple Gallinule
25%
HirundinidaePurple Martin
25%
AnatidaeRed-breasted Merganser
25%
RegulidaeRuby-crowned Kinglet
25%
ScolopacidaeWilson's Snipe
25%
ScolopacidaeAmerican Woodcock
24%
RecurvirostridaeBlack-necked Stilt
24%
AnatidaeCanvasback
24%
AnatidaeCommon Eider
24%
FalconidaeCrested Caracara
24%
AnatidaeGreater Scaup
24%
CharadriidaeKilldeer
24%
CerthiidaeBrown Creeper
22%
HydrobatidaeFork-tailed Storm-Petrel
22%
AnatidaeKing Eider
22%
AnatidaeLesser Scaup
22%
ScolopacidaeLong-billed Curlew
22%
StercorariidaeLong-tailed Jaeger
22%
StercorariidaeParasitic Jaeger
22%
StercorariidaePomarine Jaeger
22%
AlcidaeRazorbill
22%
AnatidaeSpectacled Eider
22%
AnatidaeSteller's Eider
22%
OceanitidaeWilson's Storm-Petrel
22%
FringillidaeCassia Crossbill
21%
AlcidaeCommon Murre
21%
FringillidaeRed Crossbill
21%
FringillidaeWhite-winged Crossbill
21%
AlcidaeBlack Guillemot
20%
AnatidaeBufflehead
20%
CuculidaeGroove-billed Ani
20%
AnatidaeRedhead
20%
CuculidaeSmooth-billed Ani
20%
RallidaeSora
20%
AlcidaeThick-billed Murre
20%
CinclidaeAmerican Dipper
19%
AnatidaeAmerican Wigeon
19%
ArdeidaeBlack-crowned Night-Heron
19%
TyrannidaeBlack Phoebe
19%
PasserellidaeDark-eyed Junco
19%
TyrannidaeEastern Phoebe
19%
PasserellidaeEastern Towhee
19%
OdontophoridaeNorthern Bobwhite
19%
AlcidaePigeon Guillemot
19%
TyrannidaeSay's Phoebe
19%
ArdeidaeYellow-crowned Night-Heron
19%
PasserellidaeAbert’s Towhee
18%
AnatidaeBarrow's Goldeneye
18%
AnatidaeBlack Scoter
18%
AnatidaeBrant
18%
PasserellidaeCalifornia Towhee
18%
PasserellidaeCanyon Towhee
18%
CaprimulgidaeChuck-will's-widow
18%
CorvidaeClark's Nutcracker
18%
AnatidaeCommon Goldeneye
18%
AnatidaeEurasian Wigeon
18%
PhasianidaeGreater Prairie-Chicken
18%
ScolopacidaeGreater Yellowlegs
18%
PasserellidaeGreen-tailed Towhee
18%
ScolopacidaeHudsonian Godwit
18%
PhasianidaeLesser Prairie-Chicken
18%
ScolopacidaeLesser Yellowlegs
18%
ScolopacidaeMarbled Godwit
18%
ParulidaeNorthern Parula
18%
ParulidaeOvenbird
18%
FringillidaePine Siskin
18%
PasserellidaeSpotted Towhee
18%
AnatidaeSurf Scoter
18%
AnatidaeWhite-winged Scoter
18%
IcteriidaeYellow-breasted Chat
18%
PasserellidaeYellow-eyed Junco
18%
MotacillidaeAmerican Pipit
16%
AlcidaeAncient Murrelet
16%
LaridaeBlack Skimmer
16%
PolioptilidaeBlack-tailed Gnatcatcher
16%
PolioptilidaeBlue-gray Gnatcatcher
16%
AegithalidaeBushtit
16%
PolioptilidaeCalifornia Gnatcatcher
16%
CalcariidaeChestnut-collared Longspur
16%
FringillidaeCommon Redpoll
16%
CardinalidaeDickcissel
16%
AlcidaeDovekie
16%
FringillidaeHoary Redpoll
16%
CalcariidaeLapland Longspur
16%
AlcidaeMarbled Murrelet
16%
ScolopacidaeRed Knot
16%
ScolopacidaeSanderling
16%
CalcariidaeSmith’s Longspur
16%
MotacillidaeSprague's Pipit
16%
CalcariidaeThick-billed Longspur
16%
ParulidaeAmerican Redstart
15%
IcteridaeBobolink
15%
CaprimulgidaeCommon Poorwill
15%
AnatidaeFulvous Whistling-Duck
15%
TyrannidaeGreater Pewee
15%
AramidaeLimpkin
15%
ScolopacidaeLong-billed Dowitcher
15%
ParulidaeLouisiana Waterthrush
15%
ParulidaeNorthern Waterthrush
15%
ParulidaePainted Redstart
15%
ScolopacidaeRuddy Turnstone
15%
ScolopacidaeShort-billed Dowitcher
15%
ProcellariidaeSooty Shearwater
15%
CharadriidaeAmerican Golden-Plover
14%
AnatidaeBlack-bellied Whistling-Duck
14%
ScolopacidaeBlack Turnstone
14%
ParulidaeCommon Yellowthroat
14%
PhasianidaeGreater Sage-Grouse
14%
PhasianidaeGunnison Sage-Grouse
14%
ProcellariidaeNorthern Fulmar
14%
CharadriidaePacific Golden-Plover
14%
TurdidaeVeery
14%
ScolopacidaeWhimbrel
14%
ScolopacidaeWillet
14%
LaridaeBlack-legged Kittiwake
13%
CorvidaeCalifornia Scrub-Jay
13%
CorvidaeFlorida Scrub-Jay
13%
PtiliogonatidaePhainopepla
13%
CracidaePlain Chachalaca
13%
CardinalidaePyrrhuloxia
13%
CorvidaeWoodhouse's Scrub-Jay
13%
PhasianidaeChukar
12%
CaprimulgidaeCommon Pauraque
12%
ScolopacidaeDunlin
12%
StrigidaeEastern Screech-Owl
12%
AnatidaeGadwall
12%
StrigidaeNorthern Pygmy-Owl
12%
StrigidaeWestern Screech-Owl
12%
ColumbidaeAfrican Collared-Dove
11%
TyrannidaeEastern Wood-Pewee
11%
ColumbidaeEurasian Collared-Dove
11%
TyrannidaeNorthern Beardless-Tyrannulet
11%
ScolopacidaeRed-necked Phalarope
11%
ScolopacidaeRed Phalarope
11%
ScolopacidaeSurfbird
11%
TurdidaeTownsend's Solitaire
11%
TyrannidaeWestern Wood-Pewee
11%
ScolopacidaeWilson's Phalarope
11%
FringillidaeBlack Rosy-Finch
9%
FringillidaeBrown-capped Rosy-Finch
9%
FringillidaeGray-crowned Rosy-Finch
9%
RallidaeGray-headed Swamphen
9%
TyrannidaeGreat Kiskadee
9%
RemizidaeVerdin
9%
SylviidaeWrentit
9%
MuscicapidaeBluethroat
8%
TrochilidaeBlue-throated Mountain-gem
8%
ScolopacidaeWandering Tattler
8%

Score Distribution

Percentile by Number Answered

Percent of People with Each Score

Your Score History

You have not taken this quiz